000 01041nam a22003137a 4500
003 CHAP
005 20220329143344.0
008 081201s2007 ii r 00010 eng d
010 _a95439
011 _a96411
020 _a9788173197420
035 _a107064
040 _cCHAP
082 0 4 _a519.5
_bSt29
245 0 0 _aStatistical techniques in life - testing, reliability, sampling theory and quality control
_c/edited by B.N. Pandey
260 _aNew Deli :
_bNarosa,
_c2007
300 _a215 p. :
_bgráfs.
590 _aBATCH-UPD
_b10
_c20130110
_lUCH01
_h0532
590 _aBATCH-UPD
_b10
_c20130410
_lUCH01
_h0211
590 _aBATCH-UPD
_b10
_c20130914
_lUCH01
_h0348
590 _aCONVERSION
_b10
_c20130109
_lUCH01
_h1353
650 1 4 _aAnálisis estadístico.
_95984
650 1 4 _aMétodos estadísticos.
_976631
650 1 4 _aTeoría bayesiana.
_9112306
700 1 _aPandey, B.N.
_e, ed.
_985067
901 _aBK
942 _cLIBRO
949 _a519.5 St29
_bBC
_cLIBRO
_d33724002075397
_eLIBRO
_gI.240393
_h109967
_i107064
_sb
_t$1.499.00
999 _c95439
_d95439